| LEADER 00000nam 2200000uu 4500 |
| 001 13399116417 |
| 003 ULIBM |
| 008 020711s|||| th a 000 0 tha d |
| 020 ^a9747575957
|
| 082 ^a025.52^bส663ร
|
| 100 ^aสมพิศ คูศรีพิทักษ์.
|
| 245 ^aระบบห้องสมุดอัตโนมัติและเครื่อข่ายห้องสมุดทางวิชาการในประเทศไทย /^cโดย สมพิศ คูศรีพิทักษ์.
|
| 250 ^aพิมพ์ครั้งที่ 1.
|
| 260 ^aกรุงเทพฯ :^bซีเอ็ดยูเคชั่น ,^cม.ป.ป.
|
| 300 ^a118 หน้า :^bภาพประกอบ ;^c24 ซม.
|
| 650 0 ^a ห้องสมุดอัตโนมัติ.
|
| 650 0 ^a บริการสารสนเทศ.
|
| 650 0 ^a เครือข่ายสารสนเทศ.
|
| 650 0 ^a
|
| 999 ^aจริญญา
|
หนังสือดีน่าอ่าน

“ดั่งดวงแก้ว ส่องสว่าง ทางสายงาม”
จัดทำขึ้นเพื่อเฉลิมพระเกียรติ สมเด็จพระเทพรัตนราชสุดา ฯ สยามบรมราชกุมารี
เนื่องในโอกาสมหามงคลเฉลิมพระชนมพรรษา ๕ รอบ ๒ เมษายน ๒๕๕๘
โดยหนังสือเล่มนี้ได้รวบรวม ๖๐ พระอัจฉริยภาพของสมเด็จพระเทพ ฯ
ผู้อ่านจะได้รับแรงบันดาลใจให้พากเพียรเรียนรู้และขยันอดทนทำการงาน
ตามรอยเบื้องพระยุคลบาท เพราะพระองค์ทรงเป็นแบบอย่างอันดีเยี่ยมในทุกด้าน
ทั้งในความใฝ่รู้ใฝ่เรียน คุณธรรมจริยธรรม พระวิริยอุตสาหะในการทรงงาน
และอื่นๆอีกมากมาย ล้วนสามารถสร้างแรงบันดาลใจให้แก่เด็กและเยาวชน
อีกทั้งประชาชนทั่วไป ให้พากเพียรเรียนรู้และขยันอดทนทำการงานตามรอยพระยุคลบาท
เพื่อฝึกฝนตนเองให้เป็นคนดีคนเก่งของครอบครัวและสังคมต่อไป